[Event "4NCL/Div3/SLO2 vs. WES2"]
[Site "West Bromwich ENG"]
[Date "2004.05.30"]
[Round "8.4"]
[White "Pleasants, Allan J"]
[Black "Richmond, Robert J"]
[Result "0-1"]
[WhiteElo "2107"]
[BlackElo "2207"]
[PlyCount "82"]
[EventDate "2004.05.30"]

1. d4 Nf6 2. Nf3 d5 3. e3 c5 4. Be2 Bg4 5. h3 Bh5 6. O-O e6 7. b3 cxd4 8. exd4
Nc6 9. Be3 Bd6 10. c4 O-O 11. c5 Bc7 12. Nc3 Ne4 13. Nxe4 dxe4 14. Ng5 Bxe2 15.
Qxe2 Qd5 16. f3 exf3 17. Qxf3 Qxf3 18. Nxf3 Nb4 19. Rfc1 Nd5 20. Bf2 f6 21. a3
g5 22. g3 h5 23. Re1 Kf7 24. Re4 Rg8 25. Rae1 Rae8 26. Kg2 f5 27. Ne5+ Kf6 28.
R4e2 Nc3 29. Rc2 Ne4 30. c6 b6 31. Nd7+ Ke7 32. Rd1 h4 33. Ne5 Kd6 34. b4 Kd5
35. b5 hxg3 36. Bxg3 f4 37. Be1 Ref8 38. Bb4 Rf5 39. Kf3 Rh8 40. Rh2 Rh7 41.
Nd7 g4+ 0-1

[Event "4NCL/Div3/SLO2 vs. WES2"]
[Site "West Bromwich ENG"]
[Date "2004.05.30"]
[Round "8.5"]
[White "Ptacnikova, Lenka"]
[Black "Brameld, Arthur F"]
[Result "1/2-1/2"]
[WhiteElo "2214"]
[BlackElo "2080"]
[PlyCount "44"]
[EventDate "2004.05.30"]

1. c4 Nf6 2. g3 c6 3. Bg2 d5 4. Nf3 dxc4 5. Qc2 Qd5 6. Nc3 Qh5 7. Nd1 e5 8.
Qxc4 Be6 9. Qc3 Nbd7 10. Ne3 Bd6 11. Nc4 Bc5 12. Nfxe5 Nxe5 13. Nxe5 Bxf2+ 14.
Kxf2 Qxe5 15. Qxe5 Ng4+ 16. Ke1 Nxe5 17. d4 Ng4 18. h3 Nf6 19. Bg5 Nd5 20. a3
f6 21. Bd2 Nb6 22. Kf2 O-O-O 1/2-1/2

[Event "4NCL/Div3/SLO2 vs. WES2"]
[Site "West Bromwich ENG"]
[Date "2004.05.30"]
[Round "8.6"]
[White "Gregory, Keith D"]
[Black "Hersvik, Daniel"]
[Result "1/2-1/2"]
[WhiteElo "2096"]
[BlackElo "2269"]
[PlyCount "66"]
[EventDate "2004.05.30"]

1. Nf3 c5 2. c4 Nc6 3. b3 e5 4. Nc3 f5 5. d3 Nf6 6. e4 f4 7. g3 fxg3 8. hxg3 d6
9. Be2 Be7 10. Nd5 Bg4 11. Be3 O-O 12. Kf1 Nxd5 13. cxd5 Nb8 14. Nd2 Bxe2+ 15.
Qxe2 Nd7 16. Kg2 Qe8 17. Qh5 Qxh5 18. Rxh5 b5 19. Rhh1 Rfb8 20. Rhb1 Bd8 21. a4
a6 22. Ra2 Ba5 23. axb5 Bxd2 24. Bxd2 axb5 25. Rba1 Nb6 26. Ba5 Kf7 27. Bxb6
Rxa2 28. Rxa2 Rxb6 29. Ra7+ Kf6 30. Ra8 Rb7 31. Rf8+ Ke7 32. Rg8 Kf7 33. Rd8
Ke7 1/2-1/2

[Event "4NCL/Div3/SLO2 vs. WES2"]
[Site "West Bromwich ENG"]
[Date "2004.05.30"]
[Round "8.7"]
[White "Redpath, Joseph"]
[Black "Tunks, Dominic"]
[Result "1-0"]
[WhiteElo "2210"]
[BlackElo "2024"]
[PlyCount "49"]
[EventDate "2004.05.30"]

1. d4 Nf6 2. Nf3 c5 3. d5 e6 4. c4 exd5 5. cxd5 g6 6. Nc3 Bg7 7. g3 O-O 8. Bg2
d6 9. O-O Na6 10. Nd2 Nc7 11. a4 b6 12. e4 Rb8 13. Re1 a6 14. Nc4 Ng4 15. h3 b5
16. axb5 axb5 17. Na5 Ne5 18. f4 Bd7 19. fxe5 Bxe5 20. Bf4 Bd4+ 21. Kh2 Qe7 22.
Nc6 Bxc6 23. dxc6 Rfc8 24. Ra7 Qe6 25. Nd5 1-0

[Event "4NCL/Div3/SLO2 vs. WES2"]
[Site "West Bromwich ENG"]
[Date "2004.05.30"]
[Round "8.8"]
[White "Norman, Dinah"]
[Black "Mulligan, Stephen"]
[Result "0-1"]
[WhiteElo "2022"]
[BlackElo "2168"]
[PlyCount "76"]
[EventDate "2004.05.30"]

1. d4 Nf6 2. Nf3 d5 3. e3 Bf5 4. c4 e6 5. Qb3 Qc8 6. Nc3 c6 7. Bd2 Be7 8. Rc1
O-O 9. Be2 Nbd7 10. cxd5 exd5 11. O-O Qb8 12. Na4 Ne4 13. Bb4 Bxb4 14. Qxb4 Re8
15. Rfd1 a5 16. Qe1 Qd6 17. a3 Re6 18. Nc3 Rh6 19. g3 Re6 20. Nxe4 Bxe4 21. Ng5
Ree8 22. Nxe4 Rxe4 23. Bf3 Ree8 24. Qc3 g6 25. Kg2 Rec8 26. Qd3 Nb6 27. h4 Nc4
28. Qe2 b5 29. h5 Re8 30. hxg6 fxg6 31. Rh1 Ra7 32. Rh6 a4 33. Rch1 Re6 34. Bg4
Rf6 35. Rf1 Raf7 36. Rhh1 Qe7 37. Bh3 b4 38. axb4 Qxb4 0-1

[Event "4NCL/Div3/SWD2 vs. AD2"]
[Site "West Bromwich ENG"]
[Date "2004.05.30"]
[Round "8.1"]
[White "Blackburn, Jonathan L B"]
[Black "Wallace, Paul"]
[Result "1-0"]
[WhiteElo "2165"]
[BlackElo "2166"]
[PlyCount "55"]
[EventDate "2004.05.30"]

1. d4 Nf6 2. c4 d6 3. Nc3 Nbd7 4. e4 e5 5. d5 Nc5 6. f3 a5 7. Be3 Be7 8. Qd2
O-O 9. Nge2 c6 10. O-O-O cxd5 11. cxd5 Ne8 12. g4 Bd7 13. Ng3 Na4 14. Nxa4 Bxa4
15. b3 Bd7 16. Kb2 a4 17. b4 a3+ 18. Ka1 Nc7 19. Bb6 Qb8 20. Nf5 Bxf5 21. gxf5
Rc8 22. Rg1 Ne8 23. Bb5 Kf8 24. h4 Bd8 25. Bxd8 Rxd8 26. Bxe8 Rxe8 27. Rxg7 Qc7
28. f6 1-0

[Event "4NCL/Div3/SWD2 vs. AD2"]
[Site "West Bromwich ENG"]
[Date "2004.05.30"]
[Round "8.2"]
[White "Mangwengwende, John"]
[Black "Spice, Alan"]
[Result "0-1"]
[WhiteElo "2140"]
[BlackElo "2161"]
[PlyCount "84"]
[EventDate "2004.05.30"]

1. e4 e6 2. d4 d5 3. Nc3 Nf6 4. Bg5 Bb4 5. e5 h6 6. Bd2 Bxc3 7. bxc3 Ne4 8. Bd3
Nxd2 9. Qxd2 c5 10. Nf3 Nc6 11. O-O Qa5 12. Rfd1 cxd4 13. cxd4 Qxd2 14. Rxd2
Na5 15. Rb1 Bd7 16. Kf1 Rc8 17. Rb4 Ke7 18. Ng1 Nc6 19. Rxb7 Nxd4 20. f4 a5 21.
c4 Rb8 22. Rxb8 Rxb8 23. cxd5 exd5 24. Kf2 Ne6 25. Ne2 a4 26. f5 Nc5 27. Nd4
Nxd3+ 28. Rxd3 Rb2+ 29. Kf3 Rxa2 30. e6 fxe6 31. fxe6 Be8 32. Rc3 Rd2 33. Ke3
Rxg2 34. Rc7+ Kf6 35. Rc8 Bh5 36. Rf8+ Ke7 37. Ra8 Rxh2 38. Ra7+ Kf6 39. Rxa4
Ke5 40. e7 Rh3+ 41. Kd2 Be8 42. Rb4 Ra3 0-1

[Event "4NCL/Div3/SWD2 vs. AD2"]
[Site "West Bromwich ENG"]
[Date "2004.05.30"]
[Round "8.3"]
[White "May, Frank"]
[Black "Spanton, Timothy"]
[Result "1-0"]
[WhiteElo "2146"]
[BlackElo "2014"]
[PlyCount "84"]
[EventDate "2004.05.30"]

1. d4 d5 2. Bg5 Nc6 3. e3 g6 4. c4 Bg7 5. Nc3 dxc4 6. Bxc4 Nf6 7. Nf3 O-O 8.
Rc1 Bg4 9. Be2 Rc8 10. O-O h6 11. Bh4 g5 12. Bg3 Nh5 13. Nd2 Nxg3 14. hxg3 Bxe2
15. Qxe2 e5 16. d5 Ne7 17. Qb5 c6 18. dxc6 b6 19. g4 Rxc6 20. Qe2 Qc8 21. Rcd1
Rd8 22. Nde4 Rxd1 23. Rxd1 Kf8 24. Qd3 Kg8 25. Qd8+ Bf8 26. Qxc8 Rxc8 27. Rd7
Nc6 28. Kf1 Be7 29. Nd5 Kf8 30. Ke2 Ke8 31. Rb7 Kf8 32. Nec3 Bc5 33. Kf3 a5 34.
Ke4 Ke8 35. Nxb6 Bxb6 36. Rxb6 f6 37. Rb7 Ne7 38. Ra7 Rc4+ 39. Kd3 Rb4 40.
Rxe7+ Kxe7 41. Nd5+ Kd6 42. Nxb4 axb4 1-0

[Event "4NCL/Div3/SWD2 vs. AD2"]
[Site "West Bromwich ENG"]
[Date "2004.05.30"]
[Round "8.4"]
[White "Westwood, Richard D"]
[Black "Sully, David"]
[Result "1/2-1/2"]
[WhiteElo "2048"]
[BlackElo "2119"]
[PlyCount "36"]
[EventDate "2004.05.30"]

1. d4 Nf6 2. Nf3 d5 3. Bg5 e6 4. e3 Be7 5. Nbd2 O-O 6. Bd3 Nbd7 7. O-O b6 8.
Ne5 Bb7 9. f4 Ne4 10. Bxe7 Qxe7 11. Nxd7 Qxd7 12. Rf3 f5 13. Bxe4 fxe4 14. Rh3
g6 15. Qg4 c5 16. c3 cxd4 17. exd4 Ba6 18. Rh6 Rae8 1/2-1/2

[Event "4NCL/Div3/SWD2 vs. AD2"]
[Site "West Bromwich ENG"]
[Date "2004.05.30"]
[Round "8.5"]
[White "Brown, Alan M"]
[Black "Graham, Nick"]
[Result "1-0"]
[WhiteElo "2113"]
[BlackElo "1840"]
[PlyCount "49"]
[EventDate "2004.05.30"]

1. d4 d5 2. Nf3 Nf6 3. c4 c6 4. cxd5 cxd5 5. Nc3 Nc6 6. Bf4 Nh5 7. Bg3 Nxg3 8.
hxg3 h6 9. e3 a6 10. Rc1 Bf5 11. Qa4 g6 12. Ne5 Rc8 13. Nxc6 Rxc6 14. Bxa6 Bd7
15. Bb5 Rc7 16. O-O e6 17. Ne2 Bd6 18. Rxc7 Bxc7 19. Rc1 Ke7 20. Nf4 h5 21. Nd3
h4 22. gxh4 Rxh4 23. Bxd7 Qh8 24. Kf1 Qh5 25. Ke1 1-0

[Event "4NCL/Div3/SWD2 vs. AD2"]
[Site "West Bromwich ENG"]
[Date "2004.05.30"]
[Round "8.6"]
[White "Whitmore, Darren"]
[Black "Powell, Lloyd"]
[Result "0-1"]
[WhiteElo "1752"]
[BlackElo "1992"]
[PlyCount "92"]
[EventDate "2004.05.30"]

1. e4 c5 2. c3 d5 3. exd5 Qxd5 4. d4 Nf6 5. Nf3 e6 6. Na3 a6 7. Nc4 Qd8 8. Be2
Nc6 9. Be3 cxd4 10. Nxd4 Bd7 11. O-O Be7 12. Nxc6 Bxc6 13. Ne5 Be4 14. f3 Qxd1
15. Rfxd1 Nd5 16. Bf2 Bc2 17. Rd2 Bf5 18. Rad1 Bg5 19. g3 Bxd2 20. Rxd2 f6 21.
Nc4 O-O-O 22. Ne3 Nxe3 23. Bxe3 Rxd2 24. Bxd2 Rd8 25. Be3 Bd3 26. Kf2 Bxe2 27.
Kxe2 Kc7 28. h4 b5 29. b3 Kc6 30. h5 Kd5 31. g4 e5 32. Kd3 Rc8 33. Bd2 g6 34.
hxg6 hxg6 35. a3 f5 36. gxf5 gxf5 37. a4 e4+ 38. Ke3 f4+ 39. Kxf4 Rf8+ 40. Ke3
Rxf3+ 41. Ke2 bxa4 42. bxa4 Kc4 43. a5 Kb5 44. c4+ Kxc4 45. Be3 Kb5 46. Bb6 Ra3
0-1

[Event "4NCL/Div3/SWD2 vs. AD2"]
[Site "West Bromwich ENG"]
[Date "2004.05.30"]
[Round "8.7"]
[White "Canham, E John"]
[Black "Jones, Robert G"]
[Result "1-0"]
[WhiteElo "1776"]
[BlackElo "1616"]
[PlyCount "61"]
[EventDate "2004.05.30"]

1. c4 Nf6 2. g3 d5 3. cxd5 e5 4. Bg2 Nxd5 5. Nc3 Be6 6. Nf3 Nc6 7. O-O Bc5 8.
d3 h6 9. a3 a6 10. e3 Bg4 11. h3 Be6 12. Qc2 Nf6 13. b4 Bd6 14. Bb2 Qd7 15. Kh2
g5 16. Nd2 h5 17. Nce4 Nxe4 18. Nxe4 Qe7 19. Nxd6+ Qxd6 20. Rac1 Bd7 21. Qc5 f6
22. Rfd1 Rc8 23. d4 Qxc5 24. bxc5 exd4 25. exd4 Kf7 26. Bc3 Nd8 27. Rb1 c6 28.
Ba5 Kg6 29. Bxd8 Rcxd8 30. Rxb7 Rhe8 31. Bf1 1-0

[Event "4NCL/Div3/SWD2 vs. AD2"]
[Site "West Bromwich ENG"]
[Date "2004.05.30"]
[Round "8.8"]
[White "McIntosh, Doreen"]
[Black "Wilson, Julie"]
[Result "1-0"]
[WhiteElo "1304"]
[BlackElo "1720"]
[PlyCount "65"]
[EventDate "2004.05.30"]

1. d4 Nf6 2. c4 e6 3. Nc3 Bb4 4. Bd2 O-O 5. Nf3 b6 6. e3 Bb7 7. Be2 d5 8. cxd5
Nxd5 9. O-O Nxc3 10. bxc3 Bd6 11. Bd3 Nd7 12. e4 c5 13. Qe2 cxd4 14. cxd4 e5
15. Rfc1 exd4 16. Nxd4 Nc5 17. Rxc5 Bxc5 18. Nf5 Bxf2+ 19. Kxf2 Qf6 20. Rc1
Rfe8 21. Kg1 Rad8 22. Bc3 Qg5 23. Rf1 f6 24. h4 Qg6 25. h5 Qf7 26. Bc4 Bd5 27.
Bxd5 Qxd5 28. Qg4 Qb7 29. Bxf6 Rxe4 30. Qg5 Rd7 31. Bxg7 Re6 32. Nh6+ Rxh6 33.
Rf8# 1-0

[Event "4NCL/Div3/ATH vs. BRI2"]
[Site "West Bromwich ENG"]
[Date "2004.05.30"]
[Round "8.1"]
[White "Spreeuw, Jaap"]
[Black "Dilleigh, Stephen P"]
[Result "1-0"]
[WhiteElo "2306"]
[BlackElo "2163"]
[PlyCount "75"]
[EventDate "2004.05.30"]

1. c4 g6 2. e4 Bg7 3. d4 d6 4. Nc3 Nf6 5. Nf3 O-O 6. Be2 e5 7. O-O Nc6 8. d5
Ne7 9. b4 a5 10. Ba3 axb4 11. Bxb4 Nd7 12. a4 Bh6 13. Nd2 f5 14. Nb3 Nf6 15.
Bf3 Kh8 16. c5 Neg8 17. Nd2 Rf7 18. cxd6 cxd6 19. Nc4 Ra6 20. exf5 gxf5 21. Nb5
Bf8 22. Rc1 Ne8 23. Bh5 Rf6 24. f4 Bd7 25. fxe5 dxe5 26. Bxf8 Rxf8 27. Nxe5
Bxb5 28. axb5 Qb6+ 29. Kh1 Qxb5 30. Be2 Qb4 31. Bxa6 bxa6 32. Nc6 Qd6 33. Qd4+
Ng7 34. Qe5 Qh6 35. d6 Nf6 36. Qf4 Qh5 37. Ne5 Ne4 38. Qxe4 1-0

[Event "4NCL/Div3/ATH vs. BRI2"]
[Site "West Bromwich ENG"]
[Date "2004.05.30"]
[Round "8.2"]
[White "Curtis, John"]
[Black "van Voorthuijsen, Pieter W"]
[Result "1/2-1/2"]
[WhiteElo "2121"]
[BlackElo "2263"]
[PlyCount "74"]
[EventDate "2004.05.30"]

1. d4 Nf6 2. Nf3 e6 3. e3 b6 4. Bd3 Bb7 5. O-O c5 6. c4 Be7 7. Nc3 cxd4 8. exd4
d6 9. Qe2 O-O 10. Re1 Nbd7 11. b3 Re8 12. Bb2 d5 13. Ne5 Bb4 14. a3 Bxc3 15.
Bxc3 Ne4 16. Bxe4 dxe4 17. Rad1 f6 18. Nxd7 Qxd7 19. Qg4 Rad8 20. Re3 f5 21.
Qf4 e5 22. Qg5 h6 23. Qh5 exd4 24. Rxd4 Qf7 25. Qxf7+ Kxf7 26. Rxd8 Rxd8 27. g3
g5 28. Kf1 Bc6 29. Be5 Rd7 30. Bc3 b5 31. c5 Rd5 32. b4 Rd1+ 33. Re1 Rd3 34.
Re3 Rd7 35. Be5 Rd1+ 36. Re1 Rd3 37. Re3 Rd1+ 1/2-1/2

[Event "4NCL/Div3/ATH vs. BRI2"]
[Site "West Bromwich ENG"]
[Date "2004.05.30"]
[Round "8.3"]
[White "Quinn, John M"]
[Black "Easton, Alex"]
[Result "1-0"]
[WhiteElo "2167"]
[BlackElo "2091"]
[PlyCount "67"]
[EventDate "2004.05.30"]

1. d4 Nf6 2. c4 g6 3. Nc3 d5 4. Nf3 Bg7 5. Qb3 dxc4 6. Qxc4 O-O 7. e4 Na6 8.
Be2 c5 9. d5 e6 10. Bg5 Qb6 11. O-O exd5 12. exd5 Bf5 13. Qh4 Rfe8 14. Bb5 Bd7
15. Bc4 Bf5 16. Rad1 Ne4 17. d6 Nxc3 18. bxc3 Re4 19. Qxe4 Bxe4 20. d7 Bf6 21.
Rfe1 Bc6 22. Bxf6 Bxd7 23. Rxd7 Qxf6 24. Rxf7 Qxc3 25. Rf4+ Kh8 26. h4 Nc7 27.
Bb3 Nb5 28. Rf7 Nd4 29. Ree7 Nxb3 30. axb3 b5 31. Ne5 c4 32. Rxh7+ Kg8 33.
Reg7+ Kf8 34. Nxg6+ 1-0

[Event "4NCL/Div3/ATH vs. BRI2"]
[Site "West Bromwich ENG"]
[Date "2004.05.30"]
[Round "8.4"]
[White "Stock, Toby"]
[Black "Johansson, Toni"]
[Result "0-1"]
[WhiteElo "2048"]
[BlackElo "2124"]
[PlyCount "106"]
[EventDate "2004.05.30"]

1. d4 Nf6 2. c4 g6 3. Nc3 Bg7 4. e4 d6 5. f3 O-O 6. Be3 c5 7. Nge2 Nc6 8. d5
Na5 9. Ng3 a6 10. Be2 Rb8 11. O-O Bd7 12. Rb1 Ne8 13. Qd2 b5 14. cxb5 axb5 15.
b4 cxb4 16. Rxb4 Nc7 17. Rfb1 Na6 18. R4b2 Nc5 19. Bd4 Qb6 20. Nxb5 Bxb5 21.
Rxb5 Nxe4 22. fxe4 Qxd4+ 23. Qxd4 Bxd4+ 24. Kh1 Ra8 25. R1b4 {=} 25... Bc3 26.
Rb1 Be5 27. Bd3 Rfc8 28. Ne2 Nc4 29. Rc1 Nb2 30. Rxc8+ Rxc8 31. Bb1 Rc4 32. Rb6
Na4 33. Rc6 Rb4 34. Rc1 Nc5 35. a3 Ra4 36. g3 Rxa3 37. Kg2 g5 38. Bc2 Ra2 39.
Kf1 h5 40. h3 h4 41. gxh4 gxh4 42. Kf2 Kg7 43. Kf3 Ra3+ 44. Kg4 Bf6 45. Rg1 Kh6
46. Rg2 Nd7 47. Ng1 Bg5 48. Kf5 e6+ 49. dxe6 Ra5+ 50. Kg4 Ne5+ 51. Kf5 Nd3+ 52.
e5 Rxe5+ 53. Kg4 f5+ 0-1

[Event "4NCL/Div3/ATH vs. BRI2"]
[Site "West Bromwich ENG"]
[Date "2004.05.30"]
[Round "8.5"]
[White "Gruettner, Ralf"]
[Black "Djabri, Kathy"]
[Result "1-0"]
[WhiteElo "2055"]
[BlackElo "2042"]
[PlyCount "77"]
[EventDate "2004.05.30"]

1. d4 Nf6 2. c4 g6 3. Nc3 Bg7 4. e4 d6 5. Nf3 O-O 6. Be2 e5 7. O-O Nc6 8. d5
Ne7 9. Ne1 Nd7 10. Be3 f5 11. f3 Rf7 12. Nd3 f4 13. Bf2 g5 14. c5 a6 15. Rc1
Ng6 16. c6 bxc6 17. dxc6 Nf6 18. b4 h5 19. a4 Be6 20. b5 axb5 21. axb5 Bf8 22.
Nb4 Rg7 23. Nbd5 Nxd5 24. Nxd5 Ra2 25. b6 cxb6 26. c7 Qc8 27. Nxb6 Qxc7 28.
Rxc7 Rxc7 29. Bd3 Kg7 30. Nd5 Rb7 31. Bc4 Rab2 32. Qd3 Kh6 33. h3 g4 34. hxg4
hxg4 35. fxg4 Kg5 36. Ne3 Bxc4 37. Nxc4 R2b3 38. Qd5 Kxg4 39. Na5 1-0

[Event "4NCL/Div3/ATH vs. BRI2"]
[Site "West Bromwich ENG"]
[Date "2004.05.30"]
[Round "8.6"]
[White "Humphreys, Jerry"]
[Black "Stevenson, James A B"]
[Result "1/2-1/2"]
[WhiteElo "2088"]
[BlackElo "2113"]
[PlyCount "43"]
[EventDate "2004.05.30"]

1. e4 c6 2. d4 d5 3. Nc3 dxe4 4. Nxe4 Nf6 5. Nxf6+ gxf6 6. Nf3 Bg4 7. Be3 e6 8.
Be2 Nd7 9. Qd2 Qc7 10. O-O-O Nb6 11. Kb1 O-O-O 12. h3 Bf5 13. Ka1 Nd5 14. c4
Nxe3 15. fxe3 h5 16. Rhe1 Bd6 17. Bf1 Bg3 18. Re2 Be4 19. Qc3 Rhg8 20. Nd2 f5
21. Nxe4 fxe4 22. Red2 1/2-1/2

[Event "4NCL/Div3/ATH vs. BRI2"]
[Site "West Bromwich ENG"]
[Date "2004.05.30"]
[Round "8.7"]
[White "Gostelow, David W"]
[Black "Boyce, G Michael"]
[Result "1/2-1/2"]
[WhiteElo "1976"]
[BlackElo "2000"]
[PlyCount "121"]
[EventDate "2004.05.30"]

1. d4 g6 2. Nf3 Bg7 3. Bf4 d6 4. e3 Nc6 5. Nc3 Bf5 6. d5 Ne5 7. Be2 Nxf3+ 8.
Bxf3 Nf6 9. e4 Bd7 10. e5 dxe5 11. Bxe5 O-O {=} 12. Qd4 Ne8 13. O-O-O Bxe5 14.
Qxe5 Nd6 15. h4 f6 16. Qe2 b5 17. Ne4 Nxe4 18. Bxe4 f5 19. Bd3 Rb8 20. h5 g5
21. h6 Rb6 22. Qe5 Rf7 23. Rh5 e6 24. f4 gxf4 25. Qxf4 exd5 26. Bxf5 Bxf5 27.
Rxf5 Rxf5 28. Qxf5 Rxh6 29. Rxd5 Rd6 30. Qg4+ Kh8 31. Qd4+ Kg8 32. Qg4+ Kh8 33.
Qd4+ Kg8 34. Rxd6 cxd6 35. Qd5+ Kg7 36. Qxb5 Qe7 37. Qf1 Qe3+ 38. Kb1 a5 39. a3
d5 40. Qd1 Qe4 41. Qd2 d4 42. b4 axb4 43. axb4 Qd5 44. Kb2 h5 45. Qe2 Kg6 46.
b5 Qc5 47. Qd3+ Kg5 48. Qg3+ Kf5 49. Qb3 Qe5 50. Ka2 Qc7 51. Qd5+ Kf4 52. Qf3+
Kg5 53. Qb3 Qb6 54. Kb2 Kh6 55. Qc4 Kg5 56. Kb3 Qa5 57. Qb4 Qa1 58. Qa3 Qb1+
59. Qb2 Qf1 60. Qxd4 Qxb5+ 61. Qb4 1/2-1/2

[Event "4NCL/Div3/ATH vs. BRI2"]
[Site "West Bromwich ENG"]
[Date "2004.05.30"]
[Round "8.8"]
[White "Chaplin, Peter"]
[Black "Wu, Claire"]
[Result "1-0"]
[WhiteElo "2072"]
[BlackElo "1296"]
[PlyCount "79"]
[EventDate "2004.05.30"]

1. e4 e5 2. d4 exd4 3. c3 Nf6 4. e5 Nd5 5. Qxd4 c6 6. Bc4 Qb6 7. Bxd5 Qxd4 8.
Bxf7+ Kxf7 9. cxd4 d5 10. f4 Be7 11. Nf3 h6 12. O-O Bf5 13. Nc3 Nd7 14. Nd1 Nf8
15. Ne3 Bd3 16. Re1 Ne6 17. f5 Nf8 18. Bd2 Be4 19. Kf2 Nh7 20. a3 b6 21. Rac1
Rac8 22. e6+ Ke8 23. Ne5 c5 24. Ng6 Rg8 25. g4 Bf6 26. dxc5 bxc5 27. Bb4 Bd4
28. Bc3 Bf6 29. Bxf6 Nxf6 30. h3 Nh7 31. Nc4 dxc4 32. Rxe4 Ng5 33. Rexc4 Kd8
34. h4 Nh7 35. Rxc5 Rxc5 36. Rxc5 Re8 37. Ra5 Nf6 38. Kf3 Rg8 39. Rxa7 Ne8 40.
Rd7+ 1-0

[Event "4NCL/Div3/SCS vs. FCA"]
[Site "West Bromwich ENG"]
[Date "2004.05.30"]
[Round "8.1"]
[White "Dickinson, Timothy R"]
[Black "Macdonald-Ross, Michael"]
[Result "1/2-1/2"]
[WhiteElo "2177"]
[BlackElo "2198"]
[PlyCount "111"]
[EventDate "2004.05.30"]

1. e4 c6 2. c4 e5 3. f4 exf4 4. Nf3 h6 5. d4 g5 6. Bd3 Bg7 7. O-O Ne7 8. h4 d6
9. e5 dxe5 10. dxe5 g4 11. Bxf4 Na6 12. Nh2 Qd4+ 13. Kh1 Nb4 14. Be2 Qxd1 15.
Bxd1 h5 16. Nc3 Bf5 17. Be2 Nd3 18. Bg5 Bg6 19. Bf6 Rh7 20. Bxd3 Bxd3 21. Rf4
Rd8 22. Ne4 Ng6 23. Bxd8 Nxf4 24. Bg5 Bxe4 25. Bxf4 Bh6 26. Bxh6 Rxh6 27. Re1
Bd3 28. Nf1 Bxc4 29. Ng3 Bd3 30. Kh2 Ke7 31. Ne4 Bxe4 32. Rxe4 Re6 33. Kg3 c5
34. Kf4 Rg6 35. Kf5 Kd7 36. g3 Rg8 37. Kf6 Ke8 38. Rc4 Rg6+ 39. Kf5 Rc6 40. Kg5
b5 41. Rc2 c4 42. Kxh5 Rc5 43. Kxg4 Rxe5 44. Kf4 Re1 45. h5 Kf8 46. Rd2 Kg7 47.
a3 a6 48. g4 Rh1 {=} 49. a4 Ra1 50. axb5 axb5 51. Rd5 b4 52. Rc5 Rb1 53. Rxc4
Rxb2 54. g5 Rf2+ 55. Kg4 Rg2+ 56. Kh4 1/2-1/2

[Event "4NCL/Div3/SCS vs. FCA"]
[Site "West Bromwich ENG"]
[Date "2004.05.30"]
[Round "8.2"]
[White "Freeman, Richard C P"]
[Black "Reynolds, D Ian"]
[Result "1/2-1/2"]
[WhiteElo "2139"]
[BlackElo "2103"]
[PlyCount "23"]
[EventDate "2004.05.30"]

1. e4 e5 2. Bc4 Nf6 3. d4 Nxe4 4. dxe5 c6 5. Nf3 d5 6. exd6 Nxd6 7. Bd3 Be7 8.
O-O Bg4 9. Bf4 Na6 10. Nc3 Nc5 11. Be2 Nde4 12. Nxe4 1/2-1/2

[Event "4NCL/Div3/SCS vs. FCA"]
[Site "West Bromwich ENG"]
[Date "2004.05.30"]
[Round "8.3"]
[White "Lutton, E Josiah"]
[Black "Smith, Graham M"]
[Result "1/2-1/2"]
[WhiteElo "2050"]
[BlackElo "2165"]
[PlyCount "53"]
[EventDate "2004.05.30"]

1. e4 d6 2. Nc3 g6 3. f4 Bg7 4. Nf3 Nf6 5. Be2 O-O 6. O-O c5 7. Qe1 Nc6 8. d3
Bg4 9. h3 Bxf3 10. Bxf3 Nd4 11. Bd1 b5 12. g4 b4 13. Ne2 Qb6 14. Nxd4 cxd4 15.
g5 Nd7 16. Bg4 Rfd8 17. f5 Ne5 18. f6 Bf8 19. Qg3 e6 20. h4 Nxg4 21. Qxg4 d5
22. e5 Rac8 23. Rf2 Rc7 24. h5 Rdd7 25. hxg6 fxg6 26. b3 Rf7 27. Bb2 1/2-1/2

[Event "4NCL/Div3/SCS vs. FCA"]
[Site "West Bromwich ENG"]
[Date "2004.05.30"]
[Round "8.4"]
[White "Valentine, Brian J"]
[Black "Poobalasingam, Peter S"]
[Result "0-1"]
[WhiteElo "2063"]
[BlackElo "2028"]
[PlyCount "70"]
[EventDate "2004.05.30"]

1. e4 e6 2. d3 d5 3. Nd2 Nf6 4. Ngf3 Nc6 5. g3 dxe4 6. dxe4 Bc5 7. Bb5 O-O 8.
O-O e5 9. c3 Qe7 10. Qc2 Bh3 11. Re1 Bxf2+ 12. Kxf2 Qc5+ 13. Ke2 Qxb5+ 14. Qd3
Qc5 15. Nb3 Qe7 16. Be3 b6 17. Qc4 Bd7 18. Rad1 Rad8 19. Kf1 a5 20. Kg2 Na7 21.
Nxa5 Bb5 22. Qb3 Nxe4 23. Nc4 Rxd1 24. Rxd1 Qe8 25. Rd5 Bc6 26. Rxe5 Qa8 27.
Qd1 Nc8 28. a3 f6 29. Rh5 Ne7 30. g4 Rd8 31. Qe2 b5 32. Ncd2 Nxd2 33. Bxd2
Bxf3+ 34. Qxf3 Rxd2+ 35. Kg3 Qxf3+ 0-1

[Event "4NCL/Div3/SCS vs. FCA"]
[Site "West Bromwich ENG"]
[Date "2004.05.30"]
[Round "8.5"]
[White "Bland, David"]
[Black "Elwin, Adrian G"]
[Result "1/2-1/2"]
[WhiteElo "2006"]
[BlackElo "2066"]
[PlyCount "87"]
[EventDate "2004.05.30"]

1. e4 c6 2. d4 d5 3. Nd2 dxe4 4. Nxe4 Nf6 5. Nxf6+ gxf6 6. c3 Bf5 7. Nf3 e6 8.
g3 Bd6 9. Bg2 Nd7 10. O-O Bg4 11. Qd3 Qe7 12. Nh4 Nf8 13. Bxc6+ bxc6 14. Qe4
Qc7 15. Qxg4 Ng6 16. Qe4 O-O-O 17. Nxg6 hxg6 18. f4 Rh3 19. Be3 Rdh8 20. Rf2 g5
21. Re1 Kd7 22. Qf3 f5 23. Rg2 g4 24. Qd1 Qa5 25. a4 Qd5 26. Qc2 Qf3 27. Qe2
Qd5 28. b4 Qb3 29. Qc2 Qc4 30. Rc1 Rb8 31. Qe2 Qb3 32. Qa6 Rhh8 33. a5 Rhc8 34.
Qe2 Rc7 35. Qc2 Qc4 36. Rd2 Qd5 37. Re1 Qf3 38. Rf2 Qd5 39. Bc1 Qc4 40. Be3
Rcb7 41. Rd2 Kc7 42. Qd3 Qb3 43. Rb1 Qa3 44. Qc4 1/2-1/2

[Event "4NCL/Div3/SCS vs. FCA"]
[Site "West Bromwich ENG"]
[Date "2004.05.30"]
[Round "8.6"]
[White "Majer, Christopher"]
[Black "Mooring, Ross A C"]
[Result "0-1"]
[WhiteElo "2055"]
[BlackElo "2040"]
[PlyCount "176"]
[EventDate "2004.05.30"]

1. e4 e6 2. d4 d5 3. e5 c5 4. c3 Nc6 5. Nf3 Bd7 6. Bd3 Nge7 7. O-O cxd4 8. cxd4
Nf5 9. Bxf5 exf5 10. Nc3 Be6 11. Qb3 Qd7 12. Rd1 Be7 13. Bg5 Bf8 14. Bd2 Be7
15. Rac1 h6 16. Na4 Rb8 17. Nc5 Qc8 18. Qa4 Bd7 19. Qc2 O-O 20. b4 a6 21. a4
Qe8 22. Qb3 Be6 23. Rc2 b5 24. Nxa6 bxa4 25. Qa3 Rb6 26. Nc5 g5 27. Bc3 Qb8 28.
Rb1 Bxc5 29. dxc5 Rb5 30. Qxa4 Rxc5 31. Rbb2 Rb5 32. Nd4 Nxd4 33. Bxd4 Rc8 34.
Rxc8+ Bxc8 35. h3 Qb7 36. Qa3 Bd7 37. Bc5 Bc6 38. Qa7 Qxa7 39. Bxa7 Rb7 40. Bc5
Bb5 41. Ra2 Bc4 42. Ra8+ Kh7 43. Rd8 h5 44. Rd6 Kg7 45. f3 Rb8 46. Rd7 Kg6 47.
Be7 g4 48. Bc5 g3 49. f4 Ra8 50. Ra7 Re8 51. Ra3 h4 52. Ra1 f6 53. Bd4 fxe5 54.
Bxe5 Rd8 55. Bd4 Rb8 56. Bc5 Re8 57. Rd1 Re4 58. Bd6 Bb5 59. Kh1 Kf7 60. Rc1
Ke6 61. Bc7 Rxb4 62. Re1+ Re4 63. Rb1 d4 64. Rd1 Kd5 65. Rc1 d3 66. Rd1 Re2 67.
Bd8 d2 68. Ba5 Rf2 69. Bxd2 Ke4 70. Bc3 Bf1 71. Bf6 Bxg2+ 72. Kg1 Bxh3 73. Bxh4
Kxf4 74. Rd4+ Ke3 75. Rd1 f4 76. Re1+ Kf3 77. Ra1 Rg2+ 78. Kh1 Kg4 79. Ra4 Rh2+
80. Kg1 Kxh4 81. Rxf4+ Bg4 82. Rf8 Rb2 83. Rh8+ Kg5 84. Rg8+ Kf4 85. Rf8+ Bf5
86. Kf1 Ke4 87. Rg8 Bh3+ 88. Ke1 Kf3 0-1

[Event "4NCL/Div3/SCS vs. FCA"]
[Site "West Bromwich ENG"]
[Date "2004.05.30"]
[Round "8.7"]
[White "Lowry-O'Reilly, Hannah"]
[Black "Kendall, Paul S W"]
[Result "0-1"]
[WhiteElo "1590"]
[BlackElo "1944"]
[PlyCount "58"]
[EventDate "2004.05.30"]

1. d4 Nf6 2. c4 e6 3. Bg5 d5 4. cxd5 exd5 5. e3 c6 6. Nd2 Nbd7 7. Bd3 Be7 8.
Ngf3 Ne4 9. Bxe7 Qxe7 10. Qc2 f5 11. O-O O-O 12. a3 Ndf6 13. Ne5 Nxd2 14. Qxd2
Be6 15. Rac1 Rac8 16. Qc2 Nd7 17. Nxd7 Bxd7 18. Rfe1 Qh4 19. g3 Qf6 20. Bf1 g5
21. Bd3 Rce8 22. Rcd1 Re7 23. Qd2 Be8 24. b3 Rg7 25. b4 f4 26. Rc1 Bh5 27. Be2
fxg3 28. fxg3 Qf2+ 29. Kh1 Bf3+ 0-1